000 00516cam a2200193ua 4500
003 OSt
008 240203b |||||||| |||| 00| 0 eng d
020 _a0-442-23282-9
041 _aeng
082 _a628.1
_bPAV/HA
100 _aPavoni, Joseph L.
_95797
245 0 0 _aHandbook of water quality management planning /
250 _a1 /
260 _aNew York :
_bVan Nostrand Reinhold Company ,
_c1977.
300 _a419 ; .
650 _aHandbook
_95798
650 _aWater Quality Management
_95799
942 _cBK
999 _c161
_d161